[Event "Icelandic Team Championship 2019-21 - 1s"]
[Site "Reykjavik (round 1-5) and Self"]
[Date "2021.05.15"]
[Round "8.1"]
[White "Einarsson, Halldor Gretar"]
[Black "Johannesson, Oliver"]
[Result "1/2-1/2"]
[WhiteElo "2239"]
[BlackElo "2238"]
[PlyCount "88"]
[EventDate "2019.10.03"]
[WhiteTeam "Breiðablik, Bolungarvík og Reykjanes"]
[BlackTeam "Skákdeild Fjölnis"]

1. d4 Nf6 2. c4 c5 3. d5 b5 4. cxb5 a6 5. b6 d6 6. Nc3 Nbd7 7. e4 Rb8 8. Nf3 g6
9. Qa4 Rxb6 10. a3 Qc7 11. Nd2 Bg7 12. Nc4 Rb8 13. Na5 O-O 14. Nc6 Nb6 15. Qa5
Ra8 16. Na4 Nfd7 17. Be2 Re8 18. Nxb6 Nxb6 19. Qd2 e6 20. O-O exd5 21. exd5 Bb7
22. Bf3 Bxc6 23. dxc6 d5 24. Qc2 Qxc6 25. Be3 Rac8 26. Rac1 Nc4 27. Qxc4 dxc4
28. Bxc6 Rxc6 29. Rxc4 Bxb2 30. Rxc5 Rxc5 31. Bxc5 Re5 32. Bd6 Rd5 33. Be7 Rd3
34. a4 Rd7 35. Bc5 Rc7 36. Bb6 Rc6 37. a5 f5 38. Be3 Rc4 39. Rb1 Ra4 40. Kf1
Bc3 41. Rb8+ Kf7 42. Rb7+ Kg8 43. Rb8+ Kf7 44. Rb7+ Kg8 1/2-1/2

[Event "Icelandic Team Championship 2019-21 - 1s"]
[Site "Reykjavik (round 1-5) and Self"]
[Date "2021.05.15"]
[Round "8.1"]
[White "Halldorsson, Jon Arni"]
[Black "Hreinsson, Hlidar"]
[Result "1/2-1/2"]
[WhiteElo "2109"]
[BlackElo "2201"]
[PlyCount "79"]
[EventDate "2019.10.03"]
[WhiteTeam "Skákdeild Fjölnis"]
[BlackTeam "Breiðablik, Bolungarvík og Reykjanes"]

1. d4 d5 2. c4 e6 3. Nc3 Nf6 4. cxd5 exd5 5. Bg5 Be7 6. e3 O-O 7. Bd3 Re8 8.
Qc2 Nbd7 9. Nf3 c6 10. O-O Nf8 11. h3 Be6 12. Rab1 Ne4 13. Bxe7 Rxe7 14. Nxe4
dxe4 15. Bxe4 Bxa2 16. Ra1 Be6 17. Rfd1 h6 18. Ne5 Qb6 19. Ra3 Nd7 20. Nxd7
Rxd7 21. Bf3 Rad8 22. Rda1 a6 23. Qc3 Rd6 24. b4 Qc7 25. Ra5 Qe7 26. Rd1 Qf6
27. Kh2 Bd5 28. Bxd5 Rxd5 29. Kg1 Qf5 30. Rc5 Qh5 31. Rc1 Qg6 32. Qc2 Qe6 33.
Qd1 R5d6 34. Qa4 Qd7 35. Qa5 Re8 36. Qa4 Ree6 37. Qc2 Rg6 38. Qf5 Qd8 39. Qe4
Qd7 40. Qf5 1/2-1/2

[Event "Icelandic Team Championship 2019-21 - 1s"]
[Site "Reykjavik (round 1-5) and Self"]
[Date "2021.05.15"]
[Round "8.1"]
[White "Briem, Stephan"]
[Black "Bjornsson, Tomas"]
[Result "0-1"]
[WhiteElo "2142"]
[BlackElo "2166"]
[PlyCount "176"]
[EventDate "2019.10.03"]
[WhiteTeam "Breiðablik, Bolungarvík og Reykjanes"]
[BlackTeam "Skákdeild Fjölnis"]

1. d4 Nf6 2. c4 e6 3. Nc3 d5 4. cxd5 exd5 5. Bg5 Be7 6. e3 O-O 7. Bd3 Nbd7 8.
Nge2 h6 9. Bh4 c6 10. f3 Re8 11. O-O c5 12. Qd2 b6 13. Kh1 Bb7 14. Rae1 Nh5 15.
Bf2 Nhf6 16. Rd1 cxd4 17. exd4 Rc8 18. Ng3 Nf8 19. Nf5 Ng6 20. Nxe7+ Rxe7 21.
Rc1 Nh5 22. Rc2 Nhf4 23. Bf5 Ba6 24. Rfc1 Ra8 25. Be3 Nxg2 26. Bf2 N2h4 27. Bg4
f5 28. Bh5 Qd6 29. Rg1 Re6 30. Rcc1 Kh7 31. Rce1 Rxe1 32. Qxe1 Qd8 33. Qe6 Nf4
34. Qe5 Nxh5 35. Bxh4 Qxh4 36. Qxf5+ Kh8 37. Nxd5 Bb7 38. Ne3 Qf4 39. Qxf4 Nxf4
40. Re1 Bxf3+ 41. Kg1 Nh3+ 42. Kf1 Rd8 43. Nc2 Bd5 44. Re7 Rf8+ 45. Ke2 Nf4+
46. Kd2 a5 47. a3 Ng6 48. Rd7 Rf2+ 49. Kc3 Be4 50. Ne3 Rxh2 51. d5 Rh5 52. Kd4
Rh4 53. Rd8+ Kh7 54. Nc4 Bf3+ 55. Kc3 b5 56. Nxa5 Ne7 57. d6 Nd5+ 58. Kd3 Nb6
59. d7 Nxd7 60. Rxd7 h5 61. Ke3 Rh3 62. Kf4 Bg4 63. Rd5 Be2 64. Nb7 Rb3 65. Re5
Rxb2 66. Nd6 h4 67. Ne4 Bc4 68. Rh5+ Kg8 69. Rxh4 Rb3 70. Nd2 Rxa3 71. Nxc4
bxc4 72. Ke4 Rc3 73. Kd5 Rc1 74. Ke5 c3 75. Kd4 Kf7 76. Ke3 Kf6 77. Rc4 g5 78.
Kf2 Kf5 79. Kg2 Ke5 80. Kf3 Kd5 81. Rc8 Kd4 82. Rd8+ Kc4 83. Ke3 Kb3 84. Rb8+
Kc2 85. Rb5 g4 86. Rg5 Re1+ 87. Kf2 Re4 88. Rg8 Kd3 0-1

[Event "Icelandic Team Championship 2019-21 - 1s"]
[Site "Reykjavik (round 1-5) and Self"]
[Date "2021.05.15"]
[Round "8.1"]
[White "Thorsteinsson, Erlingur"]
[Black "Ornolfsson, Magnus P."]
[Result "0-1"]
[WhiteElo "2053"]
[BlackElo "2191"]
[PlyCount "54"]
[EventDate "2019.10.03"]
[WhiteTeam "Skákdeild Fjölnis"]
[BlackTeam "Breiðablik, Bolungarvík og Reykjanes"]

1. Nf3 Nf6 2. c4 c5 3. d4 cxd4 4. Nxd4 Nc6 5. Nc3 g6 6. e3 Bg7 7. Be2 O-O 8.
O-O d6 9. b3 Bd7 10. Bb2 a6 11. Rc1 Rb8 12. Nxc6 Bxc6 13. Bf3 Bxf3 14. Qxf3 Nd7
15. Rfd1 b5 16. Qe2 bxc4 17. Qxc4 Qa5 18. Qe2 Rfc8 19. Nd5 Bf8 20. Nc3 Nc5 21.
Ba1 e6 22. e4 Bh6 23. Rc2 Bg7 24. Qd2 Rd8 25. f3 Qb6 26. Kf1 a5 27. Qc1 Qa6+ {
unreadable} 0-1

[Event "Icelandic Team Championship 2019-21 - 1s"]
[Site "Reykjavik (round 1-5) and Self"]
[Date "2021.05.15"]
[Round "8.1"]
[White "Johannsson, Birkir Isak"]
[Black "Fridgeirsson, Dagur Andri"]
[Result "1-0"]
[WhiteElo "2032"]
[BlackElo "1948"]
[PlyCount "81"]
[EventDate "2019.10.03"]
[WhiteTeam "Breiðablik, Bolungarvík og Reykjanes"]
[BlackTeam "Skákdeild Fjölnis"]

1. c4 e5 2. Nc3 Nf6 3. Nf3 Nc6 4. e4 Bc5 5. Nxe5 Bxf2+ 6. Kxf2 Nxe5 7. d4 Nc6
8. e5 Ng8 9. Bf4 Nge7 10. Be2 Ng6 11. Bg3 O-O 12. Rf1 f5 13. exf6 Rxf6+ 14. Kg1
d6 15. Qd2 Bf5 16. Bf3 Qd7 17. Rae1 Raf8 18. Nd5 R6f7 19. Ne3 Nce7 20. Bxb7 c6
21. Ba6 Be4 22. Rxf7 Rxf7 23. Rf1 Nf5 24. Nxf5 Rxf5 25. Rxf5 Qxf5 26. Bxd6 Qg4
27. h3 Qh5 28. Qe3 Qd1+ 29. Kf2 Qb1 30. Kg3 h5 31. Qe2 Bd3 32. Qxh5 Qe1+ 33.
Kh2 Qe6 34. Bg3 Ne7 35. Qe5 Qf7 36. b3 Nf5 37. Bc8 Kh7 38. Qf4 Qg6 39. Bf2 Nd6
40. Bg4 Ne4 41. Bf5 1-0

[Event "Icelandic Team Championship 2019-21 - 1s"]
[Site "Reykjavik (round 1-5) and Self"]
[Date "2021.05.15"]
[Round "8.2"]
[White "Thorsteinsdottir, Gudlaug"]
[Black "Hjartarson, Johann"]
[Result "1/2-1/2"]
[WhiteElo "1975"]
[BlackElo "2523"]
[PlyCount "127"]
[EventDate "2019.10.03"]
[WhiteTeam "Taflfélag Garðabæjar"]
[BlackTeam "Víkingaklúbburinn a-sveit"]

1. d4 Nf6 2. c4 e6 3. Nf3 b6 4. a3 Ba6 5. e3 d5 6. Nbd2 Be7 7. b4 O-O 8. Bb2
Nbd7 9. b5 Bb7 10. cxd5 exd5 11. Bd3 Re8 12. O-O Bd6 13. a4 Qe7 14. Qc1 Rac8
15. Ba3 Ne4 16. Nb3 c5 17. bxc6 Rxc6 18. Qb2 Rec8 19. Bxd6 Nxd6 20. Rfc1 Rxc1+
21. Rxc1 Nc4 22. Qb1 Nf6 23. Nbd2 Na5 24. Rxc8+ Bxc8 25. Qc1 Bb7 26. h3 g6 27.
Ne5 Ne8 28. Qc3 f6 29. Nef3 Kg7 30. h4 Nd6 31. Nf1 Ne4 32. Bxe4 dxe4 33. N3d2
Bd5 34. h5 Nc6 35. hxg6 hxg6 36. f3 exf3 37. gxf3 Qb4 38. Qxb4 Nxb4 39. e4 Bc6
40. a5 bxa5 41. Nc4 a4 42. Na3 f5 43. d5 Bd7 44. Kf2 fxe4 45. fxe4 Nd3+ 46. Ke3
Ne5 47. Ng3 Kf6 48. Kf4 a6 49. Nf1 Bb5 50. Nd2 g5+ 51. Ke3 g4 52. Kf4 Bd3 53.
Kg3 Ke7 54. Kf4 Kd6 55. Ndb1 g3 56. Kxg3 Bxb1 57. Nxb1 Nd3 58. Na3 Kc5 59. Kf3
Kb4 60. Ke3 Ne5 61. Kd4 Nf3+ 62. Ke3 Ne5 63. Kd4 Nf3+ 64. Ke3 1/2-1/2

[Event "Icelandic Team Championship 2019-21 - 1s"]
[Site "Reykjavik (round 1-5) and Self"]
[Date "2021.05.15"]
[Round "8.2"]
[White "Gunnarsson, Jon Viktor"]
[Black "Ragnarsson, Johann"]
[Result "1-0"]
[WhiteElo "2436"]
[BlackElo "1921"]
[PlyCount "107"]
[EventDate "2019.10.03"]
[WhiteTeam "Víkingaklúbburinn a-sveit"]
[BlackTeam "Taflfélag Garðabæjar"]

1. c4 e6 2. Nf3 Nf6 3. g3 d5 4. Bg2 dxc4 5. O-O c6 6. a4 Nbd7 7. Qc2 Nb6 8. a5
Nbd5 9. Qxc4 Nb4 10. Ne5 Nfd5 11. d4 b5 12. Qb3 c5 13. dxc5 Bxc5 14. Bd2 Qd6
15. e4 Nf6 16. Nxf7 Kxf7 17. Bxb4 Rb8 18. Rd1 Qe5 19. Bxc5 Qxc5 20. Na3 Rf8 21.
Rac1 Qh5 22. f4 Kg8 23. Bf3 Qe8 24. Rd6 Kh8 25. a6 b4 26. Nc4 Qb5 27. Ne5 Rb6
28. Rxb6 Qxb6+ 29. Kg2 Bxa6 30. g4 Bb7 31. Re1 g5 32. f5 exf5 33. exf5 Bxf3+
34. Qxf3 Qd4 35. Re2 Nd5 36. Kg3 Qg1+ 37. Qg2 Qxg2+ 38. Rxg2 Rc8 39. Rd2 Nf6
40. Rd4 a5 41. Nf7+ Kg7 42. Nxg5 Rc2 43. Ne6+ Kf7 44. g5 Rxb2 45. Rd8 Ne4+ 46.
Kf4 a4 47. Kxe4 a3 48. Rd7+ Ke8 49. Ra7 Re2+ 50. Kd4 a2 51. f6 Rd2+ 52. Ke5
Re2+ 53. Kf5 Rf2+ 54. Kg4 1-0

[Event "Icelandic Team Championship 2019-21 - 1s"]
[Site "Reykjavik (round 1-5) and Self"]
[Date "2021.05.15"]
[Round "8.2"]
[White "Sigurdsson, Pall"]
[Black "Thorfinnsson, Bjorn"]
[Result "0-1"]
[WhiteElo "1924"]
[BlackElo "2384"]
[PlyCount "120"]
[EventDate "2019.10.03"]
[WhiteTeam "Taflfélag Garðabæjar"]
[BlackTeam "Víkingaklúbburinn a-sveit"]

1. e4 e5 2. Nf3 Nc6 3. Bc4 Nf6 4. d3 h6 5. c3 d6 6. Bb3 g6 7. a4 Bg7 8. Nbd2
O-O 9. Nf1 d5 10. Qe2 Be6 11. Bc2 Re8 12. Ng3 dxe4 13. dxe4 Na5 14. Nd2 c5 15.
O-O h5 16. Rd1 Qe7 17. Nf3 Bc4 18. Qe1 Nb3 19. Ra3 Nxc1 20. Rxc1 Bh6 21. Rd1
Nh7 22. h3 Nf8 23. Raa1 Qf6 24. b3 Be6 25. Qe2 a6 26. c4 Bd7 27. Nf1 Bc6 28.
Ne3 Ne6 29. Nd5 Qg7 30. g3 Rad8 31. Rd3 f5 32. Re1 Nd4 33. Nxd4 exd4 34. Rdd1
Bxd5 35. cxd5 f4 36. g4 f3 37. Qxf3 Rf8 38. Qg2 Qe5 39. Bd3 h4 40. Bc4 Rd6 41.
Rd3 Rdf6 42. Re2 Kg7 43. Qh2 Qxh2+ 44. Kxh2 Rxf2+ 45. Rxf2 Rxf2+ 46. Kh1 Bf4
47. b4 cxb4 48. Rxd4 Bd6 49. Rd3 Kf6 50. Kg1 Rf4 51. Kg2 Ke5 52. Rf3 g5 53. Bd3
Kd4 54. Bb1 Rxf3 55. Kxf3 a5 56. Ke2 b5 57. axb5 a4 58. b6 b3 59. Kd1 a3 60.
Kc1 Bf4+ 0-1

[Event "Icelandic Team Championship 2019-21 - 1s"]
[Site "Reykjavik (round 1-5) and Self"]
[Date "2021.05.15"]
[Round "8.2"]
[White "Ingibergsson, Valgard"]
[Black "Kjartansson, David"]
[Result "0-1"]
[WhiteElo "1850"]
[BlackElo "2327"]
[PlyCount "82"]
[EventDate "2019.10.03"]
[WhiteTeam "Taflfélag Garðabæjar"]
[BlackTeam "Víkingaklúbburinn a-sveit"]

1. e4 c5 2. Nc3 e6 3. g3 Nc6 4. Bg2 Nf6 5. d3 d5 6. exd5 Nxd5 7. Nge2 Be7 8.
O-O O-O 9. a3 Nxc3 10. Nxc3 Qd7 11. Be3 Rd8 12. Qe2 b6 13. Rad1 Bb7 14. Qd2
Rac8 15. Qc1 Nd4 16. Bxd4 Bxg2 17. Kxg2 cxd4 18. Nb1 Qc6+ 19. Kg1 Qxc2 20. Qd2
Qb3 21. Rc1 h6 22. Kg2 e5 23. h4 a5 24. Qe2 Bf6 25. f3 g6 26. Kh3 Bg7 27. g4
Kh7 28. Kg3 f5 29. h5 Qe6 30. hxg6+ Qxg6 31. Nd2 Qg5 32. a4 Rxc1 33. Rxc1 Rf8
34. Rc2 Rf7 35. b3 e4 36. dxe4 fxg4 37. Kf2 Qh4+ 38. Kg1 gxf3 39. Qf2 Qg4+ 40.
Kf1 Be5 41. Qg1 Qh3+ 0-1

[Event "Icelandic Team Championship 2019-21 - 1s"]
[Site "Reykjavik (round 1-5) and Self"]
[Date "2021.05.15"]
[Round "8.2"]
[White "Sigurjonsson, Stefan Th."]
[Black "Gudjonsson, Sindri"]
[Result "1-0"]
[WhiteElo "2078"]
[BlackElo "1852"]
[PlyCount "33"]
[EventDate "2019.10.03"]
[WhiteTeam "Víkingaklúbburinn a-sveit"]
[BlackTeam "Taflfélag Garðabæjar"]

1. e4 e5 2. Nf3 Nf6 3. Nc3 Nc6 4. d4 exd4 5. Nxd4 Bb4 6. Nxc6 bxc6 7. Bd3 d5 8.
exd5 cxd5 9. O-O O-O 10. Bg5 Be7 11. Bxf6 Bxf6 12. Nxd5 Bxb2 13. Rb1 Ba3 14.
Qf3 Bg4 15. Qxg4 Qxd5 16. Be4 Qc4 17. Bxh7+ 1-0

[Event "Icelandic Team Championship 2019-21 - 1s"]
[Site "Reykjavik (round 1-5) and Self"]
[Date "2021.05.15"]
[Round "8.2"]
[White "Sigurthorsson, Kristinn J"]
[Black "Palsson, Halldor"]
[Result "1-0"]
[WhiteElo "1778"]
[BlackElo "1981"]
[PlyCount "79"]
[EventDate "2019.10.03"]
[WhiteTeam "Taflfélag Garðabæjar"]
[BlackTeam "Víkingaklúbburinn a-sveit"]

1. e4 e5 2. Nf3 d6 3. d4 Nd7 4. Bc4 Be7 5. Nc3 c6 6. a4 Ngf6 7. O-O O-O 8. Bb3
b6 9. Re1 a6 10. h3 Bb7 11. Bg5 h6 12. Bh4 b5 13. d5 b4 14. dxc6 Bxc6 15. Bxf6
Nxf6 16. Nd5 Nxd5 17. Bxd5 Bxd5 18. Qxd5 Rc8 19. Rac1 Qb6 20. Qb3 Rc5 21. Rcd1
Rfc8 22. c3 a5 23. Rd5 Rxd5 24. exd5 Qc5 25. cxb4 axb4 26. Re4 Qc1+ 27. Kh2 Rc2
28. Rxb4 Rxf2 29. Qc3 Qf1 30. Qc8+ Bf8 31. Qg4 h5 32. Qg3 Rc2 33. Rb8 Rc1 34.
Qg5 Qh1+ 35. Kg3 f6 36. Qf5 h4+ 37. Nxh4 Qe1+ 38. Qf2 Qa5 39. Ng6 Kf7 40. Nxf8
1-0

[Event "Icelandic Team Championship 2019-21 - 1s"]
[Site "Reykjavik (round 1-5) and Self"]
[Date "2021.05.15"]
[Round "8.3"]
[White "Gretarsson, Hjorvar Steinn"]
[Black "Kjartansson, Gudmundur"]
[Result "1-0"]
[WhiteElo "2588"]
[BlackElo "2500"]
[PlyCount "105"]
[EventDate "2019.10.03"]
[WhiteTeam "Skákfélagið Huginn"]
[BlackTeam "Taflfélag Reykjavíkur a-sveit"]

1. d4 {[%emt 0:00:00]} Nf6 {[%emt 0:00:00]} 2. c4 {[%emt 0:00:00]} e6 {[%emt 0:
00:00]} 3. Nc3 {[%emt 0:00:00]} Bb4 {[%emt 0:00:00]} 4. e3 {[%emt 0:00:00]} O-O
{[%emt 0:00:00]} 5. Bd2 {[%emt 0:00:00]} b6 {[%emt 0:00:00]} 6. Nf3 {[%emt 0:
00:00]} Bb7 {[%emt 0:00:00]} 7. Bd3 {[%emt 0:00:00]} d5 {[%emt 0:00:00]} 8.
cxd5 {[%emt 0:00:00]} exd5 {[%emt 0:00:00]} 9. Rc1 {[%emt 0:00:00]} a6 {
[%emt 0:00:00]} 10. O-O {[%emt 0:00:00]} Bd6 {[%emt 0:00:00]} 11. Ne5 {[%emt 0:
00:00]} c5 {[%emt 0:00:00]} 12. Ne2 {[%emt 0:00:00]} Nc6 {[%emt 0:00:00]} 13.
Nxc6 {[%emt 0:00:00]} Bxc6 {[%emt 0:00:00]} 14. dxc5 {[%emt 0:00:00]} bxc5 {
[%emt 0:00:00]} 15. Nd4 {[%emt 0:00:00]} Bxh2+ {[%emt 0:00:00]} 16. Kxh2 {
[%emt 0:00:00]} Qd6+ {[%emt 0:00:00]} 17. Kg1 {[%emt 0:00:00]} cxd4 {[%emt 0:
00:00]} 18. exd4 {[%emt 0:00:00]} Bb5 {[%emt 0:00:00]} 19. Bxb5 {[%emt 0:00:00]
} axb5 {[%emt 0:00:00]} 20. a3 {[%emt 0:00:00]} Rfe8 {[%emt 0:00:00]} 21. f3 {
[%emt 0:00:00]} h5 {[%emt 0:00:00]} 22. Bb4 {[%emt 0:00:00]} Qg3 {[%emt 0:00:
00]} 23. Be1 {[%emt 0:00:00]} Qf4 {[%emt 0:00:00]} 24. Qd2 {[%emt 0:00:00]} Qf5
{[%emt 0:00:00]} 25. Bh4 {[%emt 0:00:00]} Nh7 {[%emt 0:00:00]} 26. Rc5 {
[%emt 0:00:00]} g5 {[%emt 0:00:00]} 27. Bf2 {[%emt 0:00:00]} Nf8 {[%emt 0:00:
00]} 28. Rxb5 {[%emt 0:03:26]} Ne6 {[%emt 0:00:00]} 29. Re1 {[%emt 0:02:39]} f6
{[%emt 0:02:50]} 30. Rb3 {[%emt 0:01:35]} Nf4 {[%emt 0:01:12]} 31. Be3 {
[%emt 0:01:16]} h4 {[%emt 0:03:22]} 32. Rc3 {[%emt 0:04:54]} Ra7 {[%emt 0:07:
19]} 33. Bxf4 {[%emt 0:00:28]} Rxe1+ {[%emt 0:00:04]} 34. Qxe1 {[%emt 0:00:05]}
Qxf4 {[%emt 0:00:06]} 35. Qe3 {[%emt 0:00:47]} Qg3 {[%emt 0:02:53]} 36. f4 {
[%emt 0:02:12]} Qxe3+ {[%emt 0:01:01]} 37. Rxe3 {[%emt 0:00:02]} gxf4 {[%emt 0:
00:12]} 38. Rf3 {[%emt 0:00:40]} Rb7 {[%emt 0:00:27]} 39. b4 {[%emt 0:00:07]}
Ra7 {[%emt 0:00:55]} 40. b5 {[%emt 0:00:34]} Kf7 {[%emt 0:00:14]} 41. b6 {
[%emt 0:00:25]} Rb7 {[%emt 0:00:47]} 42. Rb3 {[%emt 0:00:05]} Ke6 {[%emt 0:00:
19]} 43. a4 {[%emt 0:00:11]} Kd6 {[%emt 0:00:05]} 44. a5 {[%emt 0:00:08]} Kc6 {
[%emt 0:00:04]} 45. Kf2 {[%emt 0:01:35]} Rb8 {[%emt 0:00:08]} 46. Rc3+ {
[%emt 0:00:44]} Kb5 {[%emt 0:00:12]} 47. Rc5+ {[%emt 0:00:05]} Ka6 {[%emt 0:00:
06]} 48. Rxd5 {[%emt 0:00:54]} Rg8 {[%emt 0:02:19]} 49. Rc5 {[%emt 0:00:10]}
Rg3 {[%emt 0:00:42]} 50. d5 {[%emt 0:00:39]} Rd3 {[%emt 0:00:37]} 51. Rc7 {
[%emt 0:00:55]} Rxd5 {[%emt 0:00:32]} 52. Ra7+ {[%emt 0:00:05]} Kb5 {[%emt 0:
00:01]} 53. b7 {[%emt 0:00:06]} 1-0

[Event "Icelandic Team Championship 2019-21 - 1s"]
[Site "Reykjavik (round 1-5) and Self"]
[Date "2021.05.15"]
[Round "8.3"]
[White "Gretarsson, Helgi Ass"]
[Black "Stefansson, Hannes"]
[Result "1/2-1/2"]
[WhiteElo "2441"]
[BlackElo "2532"]
[PlyCount "65"]
[EventDate "2019.10.03"]
[WhiteTeam "Taflfélag Reykjavíkur a-sveit"]
[BlackTeam "Skákfélagið Huginn"]

1. d4 {[%emt 0:00:00]} Nf6 {[%emt 0:00:00]} 2. c4 {[%emt 0:00:00]} e6 {[%emt 0:
00:00]} 3. Nf3 {[%emt 0:00:00]} d5 {[%emt 0:00:00]} 4. Nc3 {[%emt 0:00:00]} c6
{[%emt 0:00:00]} 5. e3 {[%emt 0:00:00]} Nbd7 {[%emt 0:00:00]} 6. Qc2 {[%emt 0:
00:00]} Bd6 {[%emt 0:00:00]} 7. b3 {[%emt 0:00:00]} O-O {[%emt 0:00:00]} 8. Be2
{[%emt 0:00:00]} b6 {[%emt 0:00:00]} 9. Bb2 {[%emt 0:00:00]} Bb7 {[%emt 0:00:
00]} 10. O-O {[%emt 0:00:00]} Qe7 {[%emt 0:00:00]} 11. Rad1 {[%emt 0:00:00]}
Rad8 {[%emt 0:00:00]} 12. Rfe1 {[%emt 0:00:00]} Rfe8 {[%emt 0:00:00]} 13. Bf1 {
[%emt 0:00:00]} c5 {[%emt 0:00:00]} 14. dxc5 {[%emt 0:00:00]} bxc5 {[%emt 0:00:
00]} 15. cxd5 {[%emt 0:00:00]} exd5 {[%emt 0:00:00]} 16. Ne2 {[%emt 0:00:00]}
Ne4 {[%emt 0:00:00]} 17. Ng3 {[%emt 0:00:00]} Qe6 {[%emt 0:00:00]} 18. Nxe4 {
[%emt 0:00:00]} dxe4 {[%emt 0:00:00]} 19. Qc3 {[%emt 0:00:00]} Nf6 {[%emt 0:00:
00]} 20. Nd2 {[%emt 0:00:00]} Qf5 {[%emt 0:00:00]} 21. h3 {[%emt 0:00:00]} Bc7
{[%emt 0:00:00]} 22. Nc4 {[%emt 0:00:00]} Qg5 {[%emt 0:00:00]} 23. Rxd8 {
[%emt 0:00:00]} Rxd8 {[%emt 0:00:00]} 24. Qc2 {[%emt 0:00:00]} h5 {[%emt 0:00:
00]} 25. Rd1 {[%emt 0:00:00]} Rxd1 {[%emt 0:00:00]} 26. Qxd1 {[%emt 0:00:00]}
Nd5 {[%emt 0:00:00]} 27. Be2 {[%emt 0:00:00]} Bc8 {[%emt 0:00:00]} 28. Kf1 {
[%emt 0:00:00]} h4 {[%emt 0:00:00]} 29. Qc2 {[%emt 0:00:00]} Bf5 {[%emt 0:00:
00]} 30. Qd2 {[%emt 0:00:00]} Be6 {[%emt 0:00:00]} 31. Qc2 {[%emt 0:00:00]} Bf5
{[%emt 0:00:00]} 32. Qd2 {[%emt 0:00:00]} Be6 {[%emt 0:00:00]} 33. Qc2 {
[%emt 0:00:00]} 1/2-1/2

[Event "Icelandic Team Championship 2019-21 - 1s"]
[Site "Reykjavik (round 1-5) and Self"]
[Date "2021.05.15"]
[Round "8.3"]
[White "Thorhallsson, Throstur"]
[Black "Johannesson, Ingvar Thor"]
[Result "1/2-1/2"]
[WhiteElo "2406"]
[BlackElo "2336"]
[PlyCount "39"]
[EventDate "2019.10.03"]
[WhiteTeam "Skákfélagið Huginn"]
[BlackTeam "Taflfélag Reykjavíkur a-sveit"]

1. e4 {[%emt 0:00:00]} e6 {[%emt 0:00:00]} 2. d4 {[%emt 0:00:00]} d5 {[%emt 0:
00:00]} 3. Nc3 {[%emt 0:00:00]} Bb4 {[%emt 0:00:00]} 4. exd5 {[%emt 0:00:00]}
exd5 {[%emt 0:00:00]} 5. Bd3 {[%emt 0:00:00]} Nc6 {[%emt 0:00:00]} 6. Nge2 {
[%emt 0:00:00]} Nge7 {[%emt 0:00:00]} 7. O-O {[%emt 0:00:00]} O-O {[%emt 0:00:
00]} 8. Bf4 {[%emt 0:00:00]} Bf5 {[%emt 0:00:00]} 9. a3 {[%emt 0:00:00]} Bd6 {
[%emt 0:00:00]} 10. Bxf5 {[%emt 0:00:00]} Nxf5 {[%emt 0:00:00]} 11. Nxd5 {
[%emt 0:00:00]} Bxf4 {[%emt 0:00:00]} 12. Ndxf4 {[%emt 0:00:00]} Ncxd4 {
[%emt 0:00:00]} 13. c3 {[%emt 0:00:00]} Nxe2+ {[%emt 0:00:00]} 14. Qxe2 {
[%emt 0:00:00]} Qg5 {[%emt 0:00:00]} 15. g3 {[%emt 0:00:00]} Nd6 {[%emt 0:00:
00]} 16. Rad1 {[%emt 0:00:00]} Rfe8 {[%emt 0:00:00]} 17. Qf3 {[%emt 0:00:00]}
Qf5 {[%emt 0:00:00]} 18. Rd2 {[%emt 0:00:00]} Nc4 {[%emt 0:00:00]} 19. Rd5 {
[%emt 0:00:00]} Ne5 {[%emt 0:00:00]} 20. Qh5 {[%emt 0:00:00]} 1/2-1/2

[Event "Icelandic Team Championship 2019-21 - 1s"]
[Site "Reykjavik (round 1-5) and Self"]
[Date "2021.05.15"]
[Round "8.3"]
[White "Birkisson, Bardur Orn"]
[Black "Kristinsson, Baldur"]
[Result "1/2-1/2"]
[WhiteElo "2144"]
[BlackElo "2191"]
[PlyCount "53"]
[EventDate "2019.10.03"]
[WhiteTeam "Taflfélag Reykjavíkur a-sveit"]
[BlackTeam "Skákfélagið Huginn"]

1. Nf3 {[%emt 0:00:00]} Nf6 {[%emt 0:00:00]} 2. g3 {[%emt 0:00:00]} g6 {
[%emt 0:00:00]} 3. b4 {[%emt 0:00:00]} Bg7 {[%emt 0:00:00]} 4. Bb2 {[%emt 0:00:
00]} O-O {[%emt 0:00:00]} 5. Bg2 {[%emt 0:00:00]} d5 {[%emt 0:00:00]} 6. O-O {
[%emt 0:00:00]} a5 {[%emt 0:00:00]} 7. a3 {[%emt 0:00:00]} axb4 {[%emt 0:00:00]
} 8. axb4 {[%emt 0:00:00]} Rxa1 {[%emt 0:00:00]} 9. Bxa1 {[%emt 0:00:00]} Na6 {
[%emt 0:00:00]} 10. c3 {[%emt 0:00:00]} b5 {[%emt 0:00:00]} 11. d3 {[%emt 0:00:
00]} Qd6 {[%emt 0:00:00]} 12. Na3 {[%emt 0:00:00]} Bd7 {[%emt 0:00:00]} 13. Nd2
{[%emt 0:00:00]} e5 {[%emt 0:00:00]} 14. e4 {[%emt 0:00:00]} Rd8 {[%emt 0:00:
00]} 15. exd5 {[%emt 0:00:00]} Nxd5 {[%emt 0:00:00]} 16. Ne4 {[%emt 0:00:00]}
Qe7 {[%emt 0:00:00]} 17. Re1 {[%emt 0:00:00]} c6 {[%emt 0:00:00]} 18. Bb2 {
[%emt 0:00:00]} Be6 {[%emt 0:00:00]} 19. Qe2 {[%emt 0:03:14]} h6 {[%emt 0:00:
00]} 20. Nd2 {[%emt 0:02:22]} Qd7 {[%emt 0:00:00]} 21. Nf3 {[%emt 0:00:53]} Bg4
{[%emt 0:00:00]} 22. Nxe5 {[%emt 0:02:54]} Bxe2 {[%emt 0:00:00]} 23. Nxd7 {
[%emt 0:00:06]} Rxd7 {[%emt 0:00:00]} 24. Rxe2 {[%emt 0:00:23]} Nxc3 {[%emt 0:
00:00]} 25. Bxc3 {[%emt 0:00:23]} Bxc3 {[%emt 0:00:00]} 26. Bxc6 {[%emt 0:00:
29]} Rxd3 {[%emt 0:00:00]} 27. Bxb5 {[%emt 0:02:20]} 1/2-1/2